00786nam a2200253 a 4500001001300000003000900013005001700022008004100039020002300080082002100103100001900124245007900143260004500222300000900267500003500276505001000311650001600321650002400337700001900361902000800380942000700388952012200395999001500517nice12345678IN_TiNIC20260116012322.0050524s1994 dela grp 000 0 eng  a8185618 c37500a323.4450954bISR aIsrael, Milton aCommunications and Powerb Propaganda and the Press in the Indian National aDelhibCambridge University Press c1994 a336p aincludes index and biblioraphy2 aIndex aPress-India aIndia-Communication1 aIsrael, Milton bSRS cBK 001040708StackRoom-aHMIbHMId2007-04-10g375.00l0o323.4450954 ISRp014996r2007-04-10v375.00w2005-05-24yBK c6537d6537